000
00282nam a2200121Ia 4500
008
190216s9999||||xx |||||||||||||| ||und||
100
_a
Gibson A George
245
0
_a
Advanced Calculus
260
_b
Magmillan &co Ltd
_c
1966
300
_a
510p
650
_a
Mathematics
942
_c
BK
999
_c
30512
_d
30512